000 00963nam0a22002771 4500
001 RU\NLR\INFOCOMM_195\5000048407
005 20250613092548.0
035 _a(NLR Aleph) 009167808
090 _a8494061
_c8494061
100 _a20100216d1985 |||y0rusy50 ca
101 0 _ascr
102 _aRU
105 _ay ||||000|y
200 1 _aIdeologija i propaganda
_eAktuelni problemi
_fFjodor Burlacki
210 _aΜ.
_cIzd. preduzeće Agencije za štampu "Novosti"
_d1985
215 _a53 с.
_d16 см
300 _aВ вып. дан.: Идеология и пропаганда / Федор Михайлович Бурлацкий
606 _aИдеологическая борьба
_2nlr_sh1
686 _aФ01
_2rubbk
700 1 _9z01790
_aBurlackij
_bF. M.
_gFedor Michajlovič
_4070
790 1 _9z01700
_aBurlacki
_bF.
_gFjodor
_4070
801 1 _aRU
_bNLR
_c20100216
801 0 _aRU
_bNLR
_gPSBO
852 _aNLR
_jСл Хорв-1/434
942 _cBOOK
980 _aNB